|
|
|
|
| LEADER |
00851nam a2200217 a 4500 |
| 001 |
GR-MES4917 |
| 008 |
991111s1986 gr 000 0 gre d |
| 040 |
|
|
|a GrPaTEI
|b gre
|c GR-PaULI
|
| 245 |
0 |
0 |
|a Κρητικά χρονικά
|n κς.
|
| 260 |
|
|
|a Ηράκλειον :
|b Πανεπιστημιακές Εκδόσεις Κρήτης,
|c 1986
|
| 300 |
|
|
|a 821σελ.
|
| 650 |
|
4 |
|a ΑΡΧΑΙΑ ΚΡΗΤΗ
|
| 650 |
|
4 |
|a Ελλάδα
|
| 650 |
|
4 |
|a Ιστορία
|
| 650 |
|
4 |
|a Κρήτη
|
| 700 |
1 |
|
|a Αλεξίου, Α.
|
| 710 |
2 |
|
|a Πανεπιστήμιο Κρήτης
|
| 942 |
|
|
|2 ddc
|
| 952 |
|
|
|0 0
|1 0
|2 ddc
|4 0
|6 949_500000000000000_ΑΛΕ
|7 0
|9 269544
|a MSLG
|b MSLG
|c BSC
|d 2021-01-17
|e 24
|f 1
|g 0.00
|l 0
|o 949.5 ΑΛΕ
|p 2420000012733
|r 2021-01-17 00:00:00
|t 1
|w 2021-01-17
|y BK15
|x 19991111 0 1
|x GrPaTEI
|
| 971 |
|
|
|a .b25759644
|b 16-04-20
|c 13-09-16
|
| 999 |
|
|
|c 155543
|d 155543
|